| 000 | 00616nam a22001937a 4500 | ||
|---|---|---|---|
| 008 | 150930b xxu||||| |||| 00| 0 eng d | ||
| 020 | _a9780495810773 (pbk. : student ed.) | ||
| 020 | _a0495810770 (pbk. : student ed.) | ||
| 020 | _a9780840032683 (looseleaf ed.) | ||
| 020 | _a0840032684 (looseleaf ed.) | ||
| 080 | _a159.9 | ||
| 100 | 1 | _aBernstein, Douglas A. | |
| 245 | 1 | 0 |
_aEssentials of Psychology / _cDouglas A. Bernstein. |
| 250 | _a5th Ed. | ||
| 260 |
_aBelmont, CA : _bWadsworth Cengage Learning, _c2011. |
||
| 300 |
_a1 v. (various pagings) : _bme il.; _c28. |
||
| 650 | 0 | _aPsikologji | |
| 942 |
_2udc _cBK |
||
| 999 |
_c1203 _d1203 |
||